000 00447nam a22001577a 4500
020 _a9789382654070
082 _aM3
_bMOH/P
100 _aMohanavarma K L
_9155425
245 _aProfessor in America/
_cby Mohanavarma K L
260 _aKottayam:
_bSahitya Pravarthaka Cooperative Society,
_c2012.
300 _a102p.
650 _aNovel Malayalam
_9155426
650 _aLiterature Malayalam
_9155427
650 _aLiterature
_9155428
942 _cBK
999 _c141702
_d141702